LEADER 01014nam a2200241 i 4500 001 991000516579707536 008 100114s2004 it ab b 000 0dita d 020 $a888265284X 035 $ab13869073-39ule_inst 040 $aBiblioteca Interfacoltà$bita 082 04$a930.10922 100 1 $aNicotra, Laura$0472313 245 10$aArcheologia al femminile :$bil cammino delle donne nella disciplina archeologica attraverso le figure di otto archeologhe classiche vissute dalla metà dell'Ottocento ad oggi /$cLaura Nicotra 260 $aRoma :$b"L'Erma" di Bretschneider,$cc2004 300 $a302 p. :$bill. ;$c25 cm. 440 0$aStudia archaeologica ;$v129 650 4$aArcheologhe$ySec. 19.-20. 907 $a.b13869073$b02-04-14$c14-01-10 912 $a991000516579707536 945 $aLE002 930.10922 NIC$g1$i2002000607553$lle002$o-$pE0.00$q-$rl$s- $t0$u0$v0$w0$x0$y.i15057537$z14-01-10 996 $aArcheologia al femminile$9229849 997 $aUNISALENTO 998 $ale002$b14-01-10$cm$da $e-$fita$git $h0$i0 LEADER 02234nam0 22005053i 450 001 LO10344911 005 20251003044209.0 010 $a8823001234 100 $a20160526d1994 ||||0itac50 ba 101 | $aita 102 $ait 181 1$6z01$ai $bxxxe 182 1$6z01$an 183 1$6z01$anc$2RDAcarrier 200 1 $aDemocrazia industriale$eantologia degli scritti$fSidney e Beatrice Webb$ga cura di Giuseppe Berta$gpostfazione di Gino Giugni 205 $a2. ed. 210 $aRoma$cEdiesse$d1994 215 $a301 p.$d21 cm. 225 | $aStorie e testimonianze 410 0$1001CFI0022382$12001 $aStorie e testimonianze 606 $aSindacalismo$xGran Bretagna$xOrigini$xAntologie$2FIR$3LO1C057727$9I 676 $a331.0112$9DEMOCRAZIA INDUSTRIALE.$v21 676 $a331.0112$9Economia del lavoro. Diritti e posizione sociale dei lavoratori. Democrazia industriale$v23 676 $a331.88$9SINDACATI$v21 696 $aPassi scelti$aFlorilegi$aExcerpta$aBrani scelti 699 $aAntologie$yPassi scelti 699 $aAntologie$yFlorilegi 699 $aAntologie$yExcerpta 699 $aAntologie$zBrani scelti 700 1$aWebb$b, Sidney$3RAVV040787$0571972 701 1$aWebb$b, Beatrice$3TO0V083598$0304217 702 1$aBerta$b, Giuseppe$f <1952-2024>$3CFIV101411 790 1$aWebb$b, Sidney James$3TO0V401518$zWebb, Sidney 790 1$aPassfield$b, Sidney James$3UTOV565548$zWebb, Sidney 790 1$aWebb$b, Sydney$3UTOV565549$zWebb, Sidney 790 1$aWebb$b, Martha Beatrice$3SBNV062091$zWebb, Beatrice 790 1$aPotter$b, Beatrice$3TO0V039042$zWebb, Beatrice 801 3$aIT$bIT-000000$c20160526 850 $aIT-BN0095 901 $bNAP 01$cPOZZO LIB.$nVi sono collocati fondi di economia, periodici di ingegneria e scienze, periodici di economia e statistica e altri fondi comprendenti documenti di economia pervenuti in dono. 912 $aLO10344911 950 0$aBiblioteca Centralizzata di Ateneo$c1 v.$d 01POZZO LIB.ECON MON 6939$e 0101 0700194645E VMA 1 v. (Precedente collocazione 19 EC 464)$fB $h20220725$i20220725 977 $a 01 996 $aDemocrazia industriale$91064130 997 $aUNISANNIO